000 00712nam a2200253 a 4500
001 vtls000969221
003 NLI
005 20210627095144.0
008 120112s1914 enk 000 0 eng
039 9 _y201201121808
_zEntertech_02
040 0 _aNLI
_beng
_cEntertech-2011
_eAACR2
041 0 _aeng
044 _aenk
084 _a108.D.53(2)
100 1 _aBurne, C. S.
245 1 0 _aMight gives right :
_bthe new Gospel of Germany /
_cC. S. Burne
260 _aLondon :
_bCentral Press,
_c1914
300 _a8 p. ;
_c20 cm.
650 0 _aWorld War, 1914-1918
_zGermany
_9784914
887 _a
901 _aIMP57122 :
_b26.8.2010
902 _a108.D.53(2)
999 _aVIRTUA
_c793148
_d793148
942 _2ddc
_cBKS